000 01099ngm a22003370a 4500
001 PT39901
003 AR-LpoUNG
005 20210201235847.0
007 vd cvaizq
008 191001s2007||||ag |||||||||||||||||spa d
037 _c$10
040 _aAR-LpoUNG
_bspa
_cAR-LpoUNG
_eaacr
041 _aspa
044 _aag
082 0 _a302.5 459b
100 1 _aPerrone, Raúl
_edir.
245 1 0 _aGraciadió
260 _aBuenos Aires :
_bs.e.
_c2007.
300 _aDVD (78 min.) : son., col.
505 0 _aHecha en 1997. - Elenco: Adrián Otero, Adrián Dargelos, Ivan Noble, Axel Kuschevatzky
520 _aGRACIADIÓ es la hitoria de un grupo de chicos veinte-añeros del suburbano. Deambulan por el barrio, miran videos, escuchan rock. No ocurre nada, pero pasa de todo y están básicamente solos en el mundo. Así como hay otro sueño americano, hay otro sueño argentino
650 4 _aARGENTINA
650 4 _aJUVENTUD
651 4 _aArgentina
653 _aCINE ARGENTINO
653 _aDOCUMENTALES
653 _aDVD
653 _aVIDEOS
905 _a39901
942 _cDVD
999 _c53624
_d53624